table de 25 jusqu'à 10 - Statistiques

Statistiques générales
  • Ce quiz a été pris 131 fois
  • Le résultat moyen est 5 sur 5
Statistiques - réponses
calcul réponse % Correct
5 x 25 125
100%
6 x 25 150
100%
7 x 25 175
100%
1 x 25 25
100%
2 x 25 50
100%
3 x 25 75
100%
8 x 25 200
97%
4 x 25 100
96%
9 x 25 225
96%
10 x 25 250
96%
Aucun quiz correspondant
Distribution des résultats
% des personnes avec chaque résultat
Percentile par nombre de réponses
Votre historique - résultats
Vous n’avez pas pris ce quiz